000 00581nmm a2200169Ia 4500
008 251105s9999||||xx |||||||||||||||||und||
020 _a9562828328
041 _aspa
100 _aIllanes, María Angélica
245 0 _aCuerpo y sangre de la política :
_b La construcción histórica de las Visitadoras Sociales Chile, 1887-1940
264 _a[Santiago de Chile, Chile] :
_bLOM Ediciones,
_c2007
300 _a498 páginas
490 _aHistoria
650 _aHistory of the Americas: Latin America
856 _uhttps://public.digitaliapublishing.com/a/13066
942 _cCF
999 _c74362
_d74362